| 000 | 00539nam a2200193Ia 4500 | ||
|---|---|---|---|
| 001 | 64615 | ||
| 008 | 210413n ii |||gr||||Z||||||465 | ||
| 020 | _a9789812438539 | ||
| 082 | _a581.1 | ||
| 100 |
_aSalisbury, Frank B., _eAuthor. |
||
| 245 | 0 |
_aPlant physiology _cFrank B. Salisbury _hTextual Documents |
|
| 250 | _a4th ed. | ||
| 260 |
_aBangalore: _bThomson Asia Pte Ltd, _c1992. |
||
| 300 |
_axviii, 682 p.: _c25 cm. |
||
| 653 | _aPlant physiology | ||
| 653 | _aPlant cell | ||
| 700 |
_aRoss, Cleon W., _eAuthor. |
||
| 942 |
_2ddc _cBK |
||
| 999 |
_c65715 _d65715 |
||